[Event "Blackpool op 36th"]
[Site "Blackpool"]
[Date "2012.03.10"]
[Round "2"]
[White "Quillan, Gary"]
[Black "Broadley, Henry"]
[Result "1/2-1/2"]
[WhiteElo "2412"]
[BlackElo "1898"]
[PlyCount "239"]
[EventDate "2012.03.09"]
[EventType "swiss"]
[EventRounds "5"]
[EventCountry "ENG"]
[SourceTitle "CBM 147 Extra"]
[Source "ChessBase"]
[SourceDate "2012.04.24"]
[SourceVersion "1"]
[SourceVersionDate "2012.04.24"]
[SourceQuality "1"]

1. e4 c5 2. Nf3 d6 3. Bb5+ Bd7 4. Bxd7+ Qxd7 5. c4 Nc6 6. d4 cxd4 7. Nxd4 Nf6 8. Nc3 g6 9. Nde2 Bg7 10. 0-0 0-0 11. f3 a6 12. a4 Rfc8 13. b3 Qd8 14. Be3 Nd7 15. Rb1 Qa5 16. Qd2 Nce5 17. Rfd1 h5 18. h3 Nc6 19. Kh1 Kh7 20. Bg5 Re8 21. b4 Nxb4 22. Nd5 Nc6 23. Qxa5 Nxa5 24. Nc7 Rac8 25. Nxe8 Rxe8 26. Bd2 Nxc4 27. Rxb7 Nc5 28. Ra7 Nxa4 29. Bg5 f6 30. Bh4 Nc5 31. Nd4 Kg8 32. Nc6 Kf8 33. Bg3 Ne5 34. Nxe5 fxe5 35. Rb1 Bf6 36. Bf2 Ne6 37. Rxa6 Rc8 38. Ra2 Bg5 39. Rd1 h4 40. Re1 Nf4 41. Rd1 Ne6 42. Kg1 Nf4 43. Kf1 Rb8 44. Be1 Kf7 45. Bd2 Rb3 46. Rda1 Rb8 47. Bxf4 exf4 48. Ke2 Bf6 49. Rc1 Ke6 50. Rcc2 Rb3 51. Rd2 Re3+ 52. Kd1 Rc3 53. Rd5 Rb3 54. Kc2 Rc3+ 55. Kd2 Rb3 56. Rd3 Rb1 57. Kc2 Rb4 58. Rda3 Rc4+ 59. Kb3 Rd4 60. Rc2 d5 61. Ra6+ Ke5 62. Ra5 e6 63. Re2 Rd3+ 64. Kc2 Re3 65. Rxe3 fxe3 66. Kd3 Bg5 67. exd5 exd5 68. Ra8 Kf4 69. Rg8 Kf5 70. Re8 Kf4 71. Rg8 Kf5 72. Rf8+ Ke5 73. Re8+ Kf5 74. Rf8+ Ke5 75. Rg8 Kf5 76. Kd4 Bf4 77. Re8 g5 78. Kxd5 Kf6 79. Rf8+ Kg6 80. Re8 Kf6 81. Re4 Kf5 82. Kc4 Kf6 83. Kd5 Kf5 84. Re8 Kf6 85. Kc4 Kf7 86. Re4 Kf6 87. Kd3 Kf5 88. Ke2 Kf6 89. Kd3 Kf5 90. Ra4 Kf6 91. Re4 Kf5 92. Kd4 Kf6 93. Kd5 Kf5 94. Re8 Kg6 95. Ke4 Kf6 96. Kd3 Kf5 97. Re4 Kf6 98. Ra4 Kf5 99. Ra2 Ke5 100. Re2 Kf5 101. Rxe3 Bxe3 102. Kxe3 Ke5 103. Kf2 Kf4 104. Kf1 Ke3 105. Kg1 Ke2 106. Kh2 Kf2 107. Kh1 Kg3 108. Kg1 Kf4 109. Kf2 Kf5 110. Ke3 Ke5 111. Kd3 Kf4 112. Ke2 Kg3 113. Kf1 Kf4 114. Kf2 Kf5 115. g3 hxg3+ 116. Kxg3 Kf6 117. Kg4 Kg6 118. h4 gxh4 119. Kxh4 Kf5 120. Kg3 1/2-1/2